00570nam a2200253Ia 4500008004100000040001200041082001300053082001500066100001800081245002400099260000900123300001100132300000600143300001400149530001200163530001700175563001400192600001800206630002400224650001400248650001200262700001800274730002400292160321s9999||||xx |||||||||||||| ||und|| cEnglish aXVN/AIOC bBORI-65849 aA. S. Altekar aSummaries Of Papers c1943 aXI+175 cB ePaperback bAvasare u00105796.PDF aReference aA. S. Altekar aSummaries Of Papers aReference aReports aA. S. Altekar aSummaries Of Papers